000 00367nam a22001217a 4500
040 _cSY
082 _a333
100 _aNA
245 _aសម្បទានដីសេដ្ឋកិច្ចនៅកម្ពុជាទស្សនៈវិស័យខាងសិទ្ធមនុស្ស
260 _aUNITES NATION
_bNA
_c2007
300 _a62P.
942 _cKB
999 _c9319
_d9319